000 01571pab a2200193 454500
008 180718b2008 xxu||||| |||| 00| 0 eng d
100 _aKnott, Jack H.
245 _aWhen ambition checks ambition: bureaucratic trustees and the separation of powers
260 _c2008
300 _ap.387-411.
362 _aDec
520 _aA credible commitment to property rights and contract enforcement contributes to sustained economic growth. Credible commitment suffers when private interests collude with government to secure private gain over the public interest. The Madisonian separation of powers system was designed to hinder this kind of private gain by political factions. In this article, the authors ask what role public agencies play in promoting credible commitment, arguing that principal-agency theory is suspect from the Federalist viewpoint, which assumed that elected officials are self-serving in ways that can harm the public good. they offer an alternative approach called trustee theory. Trustees sometimes can best serve principals by not being responsive to the principals' interests, especially when the principals' pursuit of self-interest threatens the public interest in the long run. The authors then discuss constraints that limit trustee discretion, so that they themselves do not become a primary cause of weakened credible commitment. - Reproduced.
650 _aSeperation of powers
650 _aPublic administration
700 _aMiller, Gary J.
773 _aAmerican Review of Public Administration
908 _aN
909 _a81228
999 _c81228
_d81228